LIBRARY & INFORMATION CENTRE, KCAET, TAVANUR

ONLINE PUBLIC ACCESS CATALOGUE (OPAC)

Cassell`s encylopaedia of literature, Vol 2 / (Record no. 8976)

MARC details
000 -LEADER
fixed length control field 00381cam a2200145ua 4500
041 ## - LANGUAGE CODE
Language code of text/sound track or separate title eng
082 ## - DEWEY DECIMAL CLASSIFICATION NUMBER
Classification number 030.8
Item number STE/CA
100 ## - MAIN ENTRY--AUTHOR NAME
Personal name Steinberg, S H .
245 00 - TITLE STATEMENT
Title Cassell`s encylopaedia of literature, Vol 2 /
260 ## - PUBLICATION, DISTRIBUTION, ETC. (IMPRINT)
Place of publication London :
Name of publisher Cassel and Company ,
Year of publication 1953.
300 ## - PHYSICAL DESCRIPTION
Number of Pages 2086 ; .
942 ## - ADDED ENTRY ELEMENTS (KOHA)
Koha item type Books
Holdings
Withdrawn status Lost status Damaged status Home library Current library Date acquired Full call number Accession Number Koha item type
Withdrawn     KAUAET KAUAET 07/04/2012 030.8 6477 Reference
free website counter